[Event "TUR-chT 1st League"]
[Site "Denizli"]
[Date "2023.07.12"]
[Round "6.81"]
[White "Bulgurlu, Okan"]
[Black "Kara, Goktan Can"]
[Result "1/2-1/2"]
[WhiteElo "1908"]
[BlackElo "1699"]
[PlyCount "169"]
[EventDate "2023.07.09"]
[EventType "team-swiss"]
[EventRounds "9"]
[EventCountry "TUR"]
[SourceTitle "CBM 215 Extra"]
[Source "ChessBase"]
[SourceDate "2023.09.30"]
[SourceVersion "1"]
[SourceVersionDate "2023.09.30"]
[SourceQuality "1"]
[WhiteTeam "Ankara Demirspor"]
[BlackTeam "Salihli Sardes"]
[WhiteTeamCountry "TUR"]
[BlackTeamCountry "TUR"]

1. e4 e5 2. Nc3 Nf6 3. f4 d5 4. fxe5 Nxe4 5. Nf3 Bc5 6. d4 Bb4 7. Bd2 Nxd2 8. Qxd2 Bf5 9. Bd3 Bxd3 10. Qxd3 c6 11. 0-0 Nd7 12. h4 Be7 13. Qf5 0-0 14. Ng5 Bxg5 15. hxg5 Qe7 16. Rf3 Qe6 17. Qd3 Rfe8 18. Raf1 Nf8 19. Rxf7 Qxf7 20. Rxf7 Kxf7 21. Ne2 Kg8 22. Ng3 Ne6 23. g6 h6 24. Qf5 Re7 25. Qg4 Rf8 26. Nf5 Ree8 27. c3 Ng5 28. Nd6 Re6 29. Nf5 Kh8 30. Nh4 Kg8 31. a3 Kh8 32. Qh5 Kg8 33. b3 Ne4 34. Qg4 Ng5 35. c4 Kh8 36. cxd5 cxd5 37. Nf3 Rxg6 38. Nxg5 Rxg5 39. Qd7 Rgf5 40. Qxd5 Rf1+ 41. Kh2 R8f5 42. Qd8+ Kh7 43. Qh4 R5f4 44. Qh3 Rxd4 45. e6 Re4 46. e7 Rfe1 47. Qf5+ Kh8 48. Qc8+ Kh7 49. Qxb7 Rxe7 50. Qc6 R1e3 51. a4 a5 52. Qc2+ g6 53. Qc5 R3e5 54. Qc3 Rh5+ 55. Kg1 Rd5 56. Qc4 Rd1+ 57. Kh2 Rb7 58. Qc5 Rb1 59. Qxa5 R1xb3 60. Qd5 R3b4 61. a5 R4b5 62. Qc6 Rh5+ 63. Kg1 Ra7 64. a6 Ra5 65. Qb6 R5xa6 66. Qd8 Rf7 67. Qe8 Raf6 68. Qe4 h5 69. Qh4 Kh6 70. Qd4 g5 71. Kh2 Rf8 72. Kh1 h4 73. Kh2 Rf1 74. Qd6+ Kh5 75. Qe5 R1f6 76. Kh3 Kh6 77. Kg4 Rf4+ 78. Kh3 Rf1 79. Kh2 R1f2 80. Qe6+ Kh5 81. Qe4 R8f7 82. Qe8 R2f4 83. Qh8+ Kg4 84. Qc8+ R7f5 85. Qd7 1/2-1/2

[Event "TUR-chT 1st League"]
[Site "Denizli"]
[Date "2023.07.10"]
[Round "3.81"]
[White "Yelligedik, Murat"]
[Black "Bulgurlu, Okan"]
[Result "0-1"]
[WhiteElo "2026"]
[BlackElo "1908"]
[PlyCount "118"]
[EventDate "2023.07.09"]
[EventType "team-swiss"]
[EventRounds "9"]
[EventCountry "TUR"]
[SourceTitle "CBM 215 Extra"]
[Source "ChessBase"]
[SourceDate "2023.09.30"]
[SourceVersion "1"]
[SourceVersionDate "2023.09.30"]
[SourceQuality "1"]
[WhiteTeam "Yalova Belediye"]
[BlackTeam "Ankara Demirspor"]
[WhiteTeamCountry "TUR"]
[BlackTeamCountry "TUR"]

1. e4 c5 2. Nf3 d6 3. Bb5+ Bd7 4. Bxd7+ Nxd7 5. 0-0 g6 6. Qe2 Bg7 7. c3 Ne5 8. Rd1 Qc8 9. d3 Nxf3+ 10. Qxf3 Nf6 11. d4 Qg4 12. Qxg4 Nxg4 13. f3 Nf6 14. dxc5 dxc5 15. Be3 Nd7 16. Nd2 0-0-0 17. Nc4 Nb6 18. Nxb6+ axb6 19. Kf2 Kc7 20. Bg5 Rxd1 21. Rxd1 Ra8 22. a3 f6 23. Bf4+ Kc6 24. c4 f5 25. e5 g5 26. Bxg5 Bxe5 27. Bc1 Bd4+ 28. Ke2 e5 29. g4 b5 30. cxb5+ Kxb5 31. b3 c4 32. bxc4+ Kxc4 33. Rd2 fxg4 34. fxg4 b5 35. Rd3 e4 36. Rh3 b4 37. axb4 Ra2+ 38. Bd2 e3 39. Rxe3 Bxe3 40. Kxe3 Ra3+ 41. Kf2 Kd3 42. Bf4 Ke4 43. Bd6 Rb3 44. Kg2 Rd3 45. Bc7 Rc3 46. Bd6 Kd5 47. Bc5 Ke5 48. Bf2 Kf4 49. h3 Rc2 50. b5 Rb2 51. b6 h6 52. Kg1 Kf3 53. Bd4 Rb4 54. Bc5 Rb5 55. Bd4 Kg3 56. Bf2+ Kxh3 57. Be3 Kg3 58. Kf1 Kf3 59. Bd4 Rb1# 0-1

[Event "Titled Tuesday intern op 27th Jun Late"]
[Site "Chess.com INT"]
[Date "2023.06.27"]
[Round "6"]
[White "Gulamirian, Korun"]
[Black "Bulgurlu, Okan"]
[Result "0-1"]
[WhiteElo "1816"]
[BlackElo "1908"]
[PlyCount "56"]
[EventDate "2023.06.27"]
[EventType "swiss (blitz)"]
[EventRounds "11"]
[EventCountry "USA"]
[SourceTitle "EXT 2024"]
[Source "ChessBase"]
[SourceDate "2023.10.10"]
[SourceVersion "1"]
[SourceVersionDate "2023.10.10"]
[SourceQuality "1"]

1. e4 e5 2. f4 exf4 3. Nf3 d5 4. e5 c5 5. Be2 Nc6 6. 0-0 Nh6 7. d3 g5 8. h4 gxh4 9. Bxf4 Rg8 10. Qd2 Nf5 11. Bg5 Be7 12. Bxe7 Qxe7 13. Nc3 Be6 14. Nb5 h3 15. Rf2 0-0-0 16. Qf4 Rg6 17. g4 Rdg8 18. Nh2 h5 19. Nd6+ Nxd6 20. exd6 Qh4 21. Kh1 hxg4 22. Bxg4 Rxg4 23. Nxg4 Rxg4 24. Qf6 Qg3 25. Rh2 d4 26. d7+ Kxd7 27. Re2 Bd5+ 28. Re4 Qg2# 0-1

[Event "Titled Tuesday intern op 27th Jun Late"]
[Site "Chess.com INT"]
[Date "2023.06.27"]
[Round "9"]
[White "Oliveira, Tiago Batista"]
[Black "Bulgurlu, Okan"]
[Result "0-1"]
[WhiteElo "1991"]
[BlackElo "1908"]
[PlyCount "76"]
[EventDate "2023.06.27"]
[EventType "swiss (blitz)"]
[EventRounds "11"]
[EventCountry "USA"]
[SourceTitle "EXT 2024"]
[Source "ChessBase"]
[SourceDate "2023.10.10"]
[SourceVersion "1"]
[SourceVersionDate "2023.10.10"]
[SourceQuality "1"]

1. d4 d5 2. c4 c6 3. Nf3 Nf6 4. Qc2 g6 5. Nc3 Bg7 6. e3 0-0 7. b3 a6 8. Ba3 dxc4 9. Bxc4 Bf5 10. e4 Nxe4 11. Nxe4 Bxe4 12. Qxe4 Qa5+ 13. Kf1 Qxa3 14. h4 b5 15. Bd3 Qd6 16. h5 Nd7 17. hxg6 fxg6 18. Re1 e5 19. dxe5 Nxe5 20. Nxe5 Bxe5 21. Bc2 Bd4 22. f3 Rae8 23. Qh4 Rxe1+ 24. Qxe1 Qe5 25. Qe4 Qxe4 26. Bxe4 c5 27. Ke2 Rd8 28. Rc1 Kf7 29. a4 bxa4 30. bxa4 Rb8 31. Kd3 Rb3+ 32. Kc4 Rb4+ 33. Kd5 Rxa4 34. Rb1 Ra2 35. Rb7+ Kf6 36. Rxh7 Rxg2 37. Ra7 Ra2 38. Ra8 a5 0-1

[Event "Titled Tuesday intern op 30th May Late"]
[Site "Chess.com INT"]
[Date "2023.05.30"]
[Round "2"]
[White "Toncheva, Nadya"]
[Black "Bulgurlu, Okan"]
[Result "1-0"]
[WhiteElo "2295"]
[BlackElo "1908"]
[PlyCount "63"]
[EventDate "2023.05.30"]
[EventType "swiss (blitz)"]
[EventRounds "11"]
[EventCountry "USA"]
[SourceTitle "CBM 214 Extra"]
[Source "ChessBase"]
[SourceDate "2023.07.31"]
[SourceVersion "1"]
[SourceVersionDate "2023.07.31"]
[SourceQuality "1"]

1. e4 c5 2. Nf3 g6 3. c3 d5 4. exd5 Qxd5 5. d4 Bg7 6. Be3 Nc6 7. Nbd2 cxd4 8. Bc4 Qa5 9. cxd4 Nf6 10. 0-0 0-0 11. Nb3 Qd8 12. a3 Nd5 13. Qe2 Bg4 14. h3 Bf5 15. Rfd1 a6 16. Nc5 b5 17. Ba2 Nxe3 18. fxe3 Qc7 19. Rac1 Qg3 20. Qf2 Qxf2+ 21. Kxf2 Rfc8 22. e4 Be6 23. Nxe6 fxe6 24. Bxe6+ Kf8 25. Bxc8 Rxc8 26. d5 Na7 27. Rxc8+ Nxc8 28. Nd4 Nd6 29. Ne6+ Kf7 30. Nxg7 Kxg7 31. e5 Nc4 32. d6 1-0

[Event "Titled Tuesday intern op 25th Apr Late"]
[Site "Chess.com INT"]
[Date "2023.04.25"]
[Round "7"]
[White "Bulgurlu, Okan"]
[Black "Mendes, Aaron Reeve"]
[Result "0-1"]
[WhiteElo "1908"]
[BlackElo "2043"]
[PlyCount "84"]
[EventDate "2023.04.25"]
[EventType "swiss (blitz)"]
[EventRounds "11"]
[EventCountry "USA"]
[SourceTitle "EXT 2024"]
[Source "ChessBase"]
[SourceDate "2023.10.10"]
[SourceVersion "1"]
[SourceVersionDate "2023.10.10"]
[SourceQuality "1"]

1. e4 c5 2. Nf3 d6 3. Bb5+ Bd7 4. Bxd7+ Qxd7 5. 0-0 Nf6 6. d3 e6 7. Bg5 Be7 8. Nbd2 0-0 9. c3 h6 10. Bh4 Nc6 11. Qc2 Rac8 12. h3 Nh5 13. Bxe7 Qxe7 14. Rfd1 d5 15. Nf1 Nf4 16. Qd2 e5 17. exd5 Nxd5 18. Ne3 Rfd8 19. Nxd5 Rxd5 20. Qe3 Rcd8 21. a3 Qd7 22. c4 Rxd3 23. Rxd3 Qxd3 24. Qxc5 e4 25. Nh4 Nd4 26. Qxa7 e3 27. fxe3 Qxe3+ 28. Kh1 Qg3 29. Qb6 Qxh4 30. Rd1 Nc6 31. Rxd8+ Qxd8 32. Qxb7 Ne5 33. Qd5 Qb8 34. Kg1 Qxb2 35. Qa8+ Kh7 36. Qe4+ g6 37. c5 Qc1+ 38. Kh2 Qxc5 39. a4 Qd6 40. Kh1 Nd3 41. Qf3 Kg7 42. Qe4 Nf2+ 0-1

[Event "Titled Tuesday intern op 25th Apr Late"]
[Site "Chess.com INT"]
[Date "2023.04.25"]
[Round "4"]
[White "Bulgurlu, Okan"]
[Black "Seletsky, Grigory"]
[Result "0-1"]
[WhiteElo "1908"]
[BlackElo "2262"]
[PlyCount "104"]
[EventDate "2023.04.25"]
[EventType "swiss (blitz)"]
[EventRounds "11"]
[EventCountry "USA"]
[SourceTitle "EXT 2024"]
[Source "ChessBase"]
[SourceDate "2023.10.10"]
[SourceVersion "1"]
[SourceVersionDate "2023.10.10"]
[SourceQuality "1"]

1. d4 d5 2. Bf4 Nf6 3. Nf3 Bf5 4. e3 e6 5. Nbd2 Bd6 6. Ne5 Nfd7 7. Ndf3 f6 8. Nxd7 Nxd7 9. Bxd6 cxd6 10. Bd3 Be4 11. Bxe4 dxe4 12. Nd2 f5 13. 0-0 0-0 14. f3 exf3 15. Qxf3 d5 16. c4 Nf6 17. Rac1 Rc8 18. cxd5 Qxd5 19. Qxd5 Nxd5 20. e4 Ne3 21. Rfe1 Nc2 22. Rf1 Nxd4 23. Rxc8 Rxc8 24. exf5 exf5 25. Nf3 Nxf3+ 26. Rxf3 Rc1+ 27. Kf2 Rc2+ 28. Kg3 Rxb2 29. a3 g6 30. Kh3 a5 31. g3 a4 32. Rf4 b5 33. Rd4 Rb3 34. Rd5 Kf7 35. Rd7+ Ke6 36. Rb7 Kd5 37. Kh4 Kc6 38. Rb8 Rxa3 39. Kg5 Ra2 40. h4 Rg2 41. Kf4 a3 42. Ra8 a2 43. Kf3 Rc2 44. Ke3 b4 45. Kd3 b3 46. Rc8+ Kb5 47. Rb8+ Ka4 48. Ra8+ Kb4 49. Ra7 Rc1 50. Kd2 a1Q 51. Rb7+ Ka3 52. Ra7+ Kb2 0-1

[Event "Titled Tuesday intern op 25th Apr Late"]
[Site "Chess.com INT"]
[Date "2023.04.25"]
[Round "8"]
[White "Gerbelli Neto, Eduardo"]
[Black "Bulgurlu, Okan"]
[Result "1-0"]
[WhiteElo "2114"]
[BlackElo "1908"]
[PlyCount "83"]
[EventDate "2023.04.25"]
[EventType "swiss (blitz)"]
[EventRounds "11"]
[EventCountry "USA"]
[SourceTitle "EXT 2024"]
[Source "ChessBase"]
[SourceDate "2023.10.10"]
[SourceVersion "1"]
[SourceVersionDate "2023.10.10"]
[SourceQuality "1"]

1. e4 c5 2. Nc3 Nc6 3. f4 e6 4. Nf3 d5 5. Bb5 dxe4 6. Bxc6+ bxc6 7. Nxe4 Ba6 8. d3 Nf6 9. Be3 Rb8 10. b3 Nd5 11. Bd2 Qc7 12. 0-0 h6 13. Ne5 Be7 14. Qf3 Nf6 15. Rae1 0-0 16. Bc3 Nd5 17. Bd2 Rbc8 18. c4 Nb4 19. Bxb4 cxb4 20. d4 Rfd8 21. Rd1 Bb7 22. Nc5 Bxc5 23. dxc5 Rxd1 24. Rxd1 Rd8 25. Rxd8+ Qxd8 26. Qd3 Qe7 27. Qd6 Qe8 28. Nd3 f6 29. Nxb4 a5 30. Nd3 Bc8 31. Kf2 Kh7 32. g3 Qg6 33. Qd4 e5 34. fxe5 fxe5 35. Nxe5 Qf5+ 36. Qf4 Qc2+ 37. Kf3 Bh3 38. Qe4+ Bf5 39. Qxc2 Bxc2 40. Nxc6 Bb1 41. Nxa5 Bxa2 42. c6 1-0

[Event "Titled Tuesday intern op 28th Feb Late"]
[Site "Chess.com INT"]
[Date "2023.02.28"]
[Round "10"]
[White "Bulgurlu, Okan"]
[Black "Filgueira, Hernan"]
[Result "1-0"]
[WhiteElo "1908"]
[BlackElo "2283"]
[PlyCount "83"]
[EventDate "2023.02.28"]
[EventType "swiss (blitz)"]
[EventRounds "11"]
[EventCountry "USA"]
[SourceTitle "CBM 213 Extra"]
[Source "ChessBase"]
[SourceDate "2023.05.31"]
[SourceVersion "1"]
[SourceVersionDate "2023.05.31"]
[SourceQuality "1"]

1. e4 d6 2. d4 Nf6 3. Nc3 c6 4. f4 Qa5 5. Nf3 Nxe4 6. Bd2 Nxd2 7. Qxd2 Bg4 8. Be2 e6 9. 0-0-0 Nd7 10. Kb1 Bxf3 11. Bxf3 0-0-0 12. g4 d5 13. Rhe1 Nb6 14. f5 exf5 15. Nxd5 Qxd2 16. Nxb6+ axb6 17. Rxd2 fxg4 18. Bxg4+ Kc7 19. Rf1 f6 20. c3 Bd6 21. Rg2 Rhf8 22. Kc2 g6 23. h4 f5 24. Be2 Rde8 25. h5 Rf6 26. hxg6 hxg6 27. Rfg1 Bf4 28. Bd3 g5 29. Rh1 Re7 30. Rh8 Ref7 31. Re2 Bd6 32. Ree8 b5 33. c4 bxc4 34. Bxc4 Re7 35. Rc8+ Kb6 36. a4 Bb4 37. Kb3 Ba5 38. Bd3 Re3 39. Kc4 f4 40. b4 Bxb4 41. Kxb4 Rxd3 42. a5+ 1-0

[Event "Titled Tuesday intern op 28th Feb Late"]
[Site "Chess.com INT"]
[Date "2023.02.28"]
[Round "3"]
[White "Bulgurlu, Okan"]
[Black "Rodrigues, Tiago Pereira"]
[Result "1-0"]
[WhiteElo "1908"]
[BlackElo "2155"]
[PlyCount "59"]
[EventDate "2023.02.28"]
[EventType "swiss (blitz)"]
[EventRounds "11"]
[EventCountry "USA"]
[SourceTitle "CBM 213 Extra"]
[Source "ChessBase"]
[SourceDate "2023.05.31"]
[SourceVersion "1"]
[SourceVersionDate "2023.05.31"]
[SourceQuality "1"]

1. e4 c5 2. Nf3 a6 3. c3 e6 4. d4 d5 5. exd5 Qxd5 6. Be3 Nd7 7. Na3 cxd4 8. Bc4 Qc6 9. Nxd4 Qxg2 10. Rf1 Bxa3 11. bxa3 Ngf6 12. Qe2 Ne5 13. Bb3 Bd7 14. 0-0-0 Rc8 15. Kb2 Qe4 16. f3 Qh4 17. Rg1 Ng6 18. Nf5 Bb5 19. c4 Bxc4 20. Bxc4 Qh3 21. Nd6+ Ke7 22. Nxc8+ Rxc8 23. Bb3 Ne5 24. Bf4 Nc6 25. Bd6+ Ke8 26. Rxg7 Qh6 27. Qg2 Rd8 28. Rg8+ Nxg8 29. Qxg8+ Kd7 30. Qxf7+ 1-0

[Event "Titled Tuesday intern op 28th Feb Late"]
[Site "Chess.com INT"]
[Date "2023.02.28"]
[Round "9"]
[White "Di Berardino, Diego Rafael"]
[Black "Bulgurlu, Okan"]
[Result "1-0"]
[WhiteElo "2475"]
[BlackElo "1908"]
[PlyCount "59"]
[EventDate "2023.02.28"]
[EventType "swiss (blitz)"]
[EventRounds "11"]
[EventCountry "USA"]
[SourceTitle "CBM 213 Extra"]
[Source "ChessBase"]
[SourceDate "2023.05.31"]
[SourceVersion "1"]
[SourceVersionDate "2023.05.31"]
[SourceQuality "1"]

1. c4 e5 2. Nc3 Nf6 3. Nf3 Nc6 4. e3 d6 5. d4 Be7 6. d5 Nb8 7. e4 0-0 8. h3 a5 9. g4 Na6 10. Bd3 Nc5 11. Bc2 b6 12. Be3 Ba6 13. b3 Nfd7 14. h4 Rb8 15. g5 b5 16. cxb5 Bxb5 17. Nxb5 Rxb5 18. Nd2 Na6 19. Bd3 Qb8 20. Qe2 Nb4 21. Bxb5 Nc2+ 22. Kd1 Nxa1 23. Bxd7 a4 24. Bxa4 Qb4 25. Nc4 Ra8 26. Bd2 Qc5 27. Qe3 Qxe3 28. Bxe3 f6 29. Kd2 fxg5 30. hxg5 1-0

[Event "Titled Tuesday intern op 14th Feb Late"]
[Site "Chess.com INT"]
[Date "2023.02.14"]
[Round "4"]
[White "Bulgurlu, Okan"]
[Black "Buchenau, Frank"]
[Result "0-1"]
[WhiteElo "1908"]
[BlackElo "2222"]
[PlyCount "52"]
[EventDate "2023.02.14"]
[EventType "swiss (blitz)"]
[EventRounds "11"]
[EventCountry "USA"]
[SourceTitle "CBM 212 Extra"]
[Source "ChessBase"]
[SourceDate "2023.03.31"]
[SourceVersion "1"]
[SourceVersionDate "2023.03.31"]
[SourceQuality "1"]

1. e4 e6 2. Nf3 d5 3. d3 c5 4. Be2 Nc6 5. 0-0 Bd6 6. exd5 exd5 7. d4 c4 8. Nc3 Nge7 9. Re1 a6 10. Bg5 f6 11. Bh4 0-0 12. Bg3 Bb4 13. Rb1 Nf5 14. a3 Bxc3 15. bxc3 b5 16. Nh4 Nxg3 17. hxg3 Re8 18. Bf3 Rxe1+ 19. Qxe1 g5 20. Bxd5+ Qxd5 21. Qe8+ Kg7 22. Nf5+ Qxf5 23. Qxc6 Ra7 24. Re1 Qd7 25. Qb6 Qc7 26. Qxc7+ Rxc7 0-1

[Event "Titled Tuesday intern op 14th Feb Late"]
[Site "Chess.com INT"]
[Date "2023.02.14"]
[Round "1"]
[White "Bulgurlu, Okan"]
[Black "Martin Fuentes, Alberto"]
[Result "0-1"]
[WhiteElo "1908"]
[BlackElo "2393"]
[PlyCount "151"]
[EventDate "2023.02.14"]
[EventType "swiss (blitz)"]
[EventRounds "11"]
[EventCountry "USA"]
[SourceTitle "CBM 212 Extra"]
[Source "ChessBase"]
[SourceDate "2023.03.31"]
[SourceVersion "1"]
[SourceVersionDate "2023.03.31"]
[SourceQuality "1"]

1. e4 e6 2. d4 d5 3. exd5 exd5 4. Nf3 Nf6 5. c4 Be7 6. Bf4 0-0 7. Nbd2 Bg4 8. Be2 Nbd7 9. 0-0 dxc4 10. Nxc4 Nb6 11. Ne3 Bh5 12. Rc1 Nbd5 13. Be5 c6 14. Nf5 Re8 15. Nxe7+ Qxe7 16. Re1 Qd8 17. Qb3 Qb6 18. Qxb6 axb6 19. a3 b5 20. h3 Nd7 21. Bd6 f6 22. g4 Bf7 23. Bd3 N7b6 24. g5 Na4 25. b3 Nab6 26. gxf6 gxf6 27. Kh2 Bg6 28. Rg1 Kf7 29. Bxg6+ hxg6 30. Nh4 g5 31. Nf5 Re2 32. Bg3 Rxa3 33. Nd6+ Kg6 34. Nxb7 Nb4 35. Nc5 N6d5 36. Ra1 Rxa1 37. Rxa1 Nc2 38. Rd1 Nce3 39. Rd3 Nf5 40. Rf3 Nxd4 41. Rd3 Ne6 42. Nd7 Nef4 43. Rd4 Rb2 44. Nc5 Ne2 45. Re4 Rc2 46. b4 Rc4 47. Rxc4 bxc4 48. Bd6 c3 49. Nd3 c2 50. Kg2 c1Q 51. Nxc1 Nxc1 52. Kf3 Nd3 53. Ke4 N3xb4 54. Bc5 Na6 55. Ba7 Nac7 56. Kd4 Ne6+ 57. Kc4 Ndf4 58. h4 gxh4 59. f3 h3 60. Bg1 f5 61. Bh2 Kf6 62. Kc3 Ke5 63. Kd2 Ng5 64. Ke3 Nge6 65. Bg3 c5 66. Bh2 c4 67. Bg3 c3 68. Bh2 c2 69. Kd2 Ng5 70. Kxc2 Nxf3 71. Bg3 Ke4 72. Kd1 Nh5 73. Bh2 Nxh2 74. Ke2 Ng4 75. Kf1 Kf3 76. Kg1 0-1

[Event "Titled Tuesday intern op 14th Feb Late"]
[Site "Chess.com INT"]
[Date "2023.02.14"]
[Round "3"]
[White "Gasparyan, Davit"]
[Black "Bulgurlu, Okan"]
[Result "0-1"]
[WhiteElo "2126"]
[BlackElo "1908"]
[PlyCount "124"]
[EventDate "2023.02.14"]
[EventType "swiss (blitz)"]
[EventRounds "11"]
[EventCountry "USA"]
[SourceTitle "CBM 212 Extra"]
[Source "ChessBase"]
[SourceDate "2023.03.31"]
[SourceVersion "1"]
[SourceVersionDate "2023.03.31"]
[SourceQuality "1"]

1. e4 c5 2. Nf3 e6 3. d4 cxd4 4. Nxd4 d6 5. Nc3 Nc6 6. Be2 Nf6 7. Be3 Be7 8. g4 h6 9. h4 Nxd4 10. Bxd4 e5 11. Be3 Qa5 12. f3 Be6 13. Kf2 Rc8 14. g5 Nh5 15. Nb5 Bc4 16. Bxc4 Rxc4 17. Nc3 Nf4 18. Bxf4 exf4 19. Qd3 Qb6+ 20. Ke2 Rd4 21. Qb5+ Qxb5+ 22. Nxb5 Rb4 23. Nc7+ Kd7 24. Nd5 Rxb2 25. Rhb1 Rxb1 26. Rxb1 b6 27. g6 fxg6 28. Nxf4 Rc8 29. Kd3 Bxh4 30. Nxg6 Bf6 31. c4 Rc5 32. Nf4 Ra5 33. Nd5 Ra3+ 34. Ke2 Rxa2+ 35. Kd3 Be5 36. f4 Ra3+ 37. Ke2 Ba1 38. Nb4 Bd4 39. Nc2 Ra2 40. Kd3 Bc5 41. Rg1 Bxg1 42. f5 Rxc2 43. Kxc2 h5 44. Kd3 h4 45. Ke2 h3 46. Kf3 h2 47. Kg2 a5 48. c5 bxc5 49. Kh1 Ke7 50. e5 dxe5 51. Kg2 a4 52. Kh1 a3 53. f6+ Kxf6 54. Kg2 a2 55. Kh1 a1Q 56. Kg2 Qa8+ 57. Kf1 Qf3+ 58. Ke1 Bf2+ 59. Kd2 Qe3+ 60. Kc2 h1Q 61. Kb2 Qb7+ 62. Kc2 Qbb3# 0-1

[Event "Titled Tuesday intern op 14th Feb Late"]
[Site "Chess.com INT"]
[Date "2023.02.14"]
[Round "2"]
[White "Riff, Vincent"]
[Black "Bulgurlu, Okan"]
[Result "1-0"]
[WhiteElo "2380"]
[BlackElo "1908"]
[PlyCount "77"]
[EventDate "2023.02.14"]
[EventType "swiss (blitz)"]
[EventRounds "11"]
[EventCountry "USA"]
[SourceTitle "CBM 212 Extra"]
[Source "ChessBase"]
[SourceDate "2023.03.31"]
[SourceVersion "1"]
[SourceVersionDate "2023.03.31"]
[SourceQuality "1"]

1. e4 e5 2. Nc3 Nf6 3. d4 exd4 4. Qxd4 Nc6 5. Qd3 Bc5 6. Bf4 d6 7. Qd2 0-0 8. 0-0-0 Bb4 9. f3 Be6 10. a3 Bc5 11. g4 b5 12. Bxb5 Nd4 13. Bd3 Rb8 14. g5 Nd7 15. h4 c6 16. Na4 Bb3 17. Nxc5 Nxc5 18. Ne2 Nxf3 19. Qc3 Be6 20. e5 Nxd3+ 21. Rxd3 Bd5 22. Rxf3 Bxf3 23. Qxf3 Qb6 24. b3 dxe5 25. Bxe5 Rbd8 26. Qc3 Rfe8 27. Nf4 Qf2 28. Nd3 Qe3+ 29. Kb2 Rxd3 30. Qxd3 Qxe5+ 31. Qc3 Qd5 32. Rh3 g6 33. Rd3 Qf5 34. Qxc6 Rc8 35. Qd7 Qe5+ 36. Qd4 Qe2 37. Rc3 Re8 38. Qxa7 Qf2 39. Qxf2 1-0

[Event "Titled Tuesday intern op 10th Jan Late"]
[Site "Chess.com INT"]
[Date "2023.01.10"]
[Round "5"]
[White "Bulgurlu, Okan"]
[Black "Becerra, Juan David"]
[Result "0-1"]
[WhiteElo "1908"]
[BlackElo "2316"]
[PlyCount "82"]
[EventDate "2023.01.10"]
[EventType "swiss (blitz)"]
[EventRounds "11"]
[EventCountry "USA"]
[SourceTitle "EXT 2024"]
[Source "ChessBase"]
[SourceDate "2023.10.10"]
[SourceVersion "1"]
[SourceVersionDate "2023.10.10"]
[SourceQuality "1"]

1. e4 e5 2. Nf3 Nc6 3. Bc4 Bc5 4. c3 Nf6 5. 0-0 d6 6. d4 Bb6 7. dxe5 dxe5 8. Qxd8+ Nxd8 9. Nxe5 Nxe4 10. Bd3 Nd6 11. Re1 0-0 12. Bf4 Bf5 13. Nd2 Ne6 14. Bxf5 Nxf5 15. Bg3 Nxg3 16. hxg3 Rfd8 17. Rad1 Rd5 18. Ndc4 Rad8 19. Rxd5 Rxd5 20. Kf1 g6 21. Ng4 Kg7 22. Ke2 h5 23. Nxb6 axb6 24. Ne3 Ra5 25. a3 Rb5 26. b4 Re5 27. Rd1 g5 28. Rd7 h4 29. gxh4 gxh4 30. Kf1 b5 31. Rd5 Rxd5 32. Nxd5 Kg6 33. Ke2 Kf5 34. Ne3+ Ke4 35. f3+ Kf4 36. Nd5+ Kg3 37. Ne3 Nf4+ 38. Kf1 Nxg2 39. Nf5+ Kxf3 40. Nxh4+ Nxh4 41. Ke1 Ke3 0-1

[Event "Titled Tuesday intern op 10th Jan Late"]
[Site "Chess.com INT"]
[Date "2023.01.10"]
[Round "1"]
[White "Bulgurlu, Okan"]
[Black "Ju, Wenjun"]
[Result "0-1"]
[WhiteElo "1908"]
[BlackElo "2555"]
[PlyCount "132"]
[EventDate "2023.01.10"]
[EventType "swiss (blitz)"]
[EventRounds "11"]
[EventCountry "USA"]
[SourceTitle "EXT 2024"]
[Source "ChessBase"]
[SourceDate "2023.10.10"]
[SourceVersion "1"]
[SourceVersionDate "2023.10.10"]
[SourceQuality "1"]

1. e4 c5 2. Nf3 d6 3. c3 Nf6 4. Be2 g6 5. d3 Bg7 6. 0-0 0-0 7. h3 Nc6 8. Be3 e5 9. Nbd2 Re8 10. a4 b6 11. d4 exd4 12. cxd4 Bb7 13. Bb5 a6 14. Bxc6 Bxc6 15. d5 Bd7 16. Qc2 h6 17. Bf4 Qc7 18. Rfe1 Nh5 19. Bh2 b5 20. g4 Nf6 21. e5 dxe5 22. Bxe5 Rxe5 23. Nxe5 Nxd5 24. Nxd7 Qxd7 25. Qxc5 Rc8 26. Qa3 Nf4 27. Ne4 bxa4 28. Rad1 Qa7 29. Qe3 Qxe3 30. Rxe3 Bxb2 31. Rf3 g5 32. h4 a3 33. hxg5 hxg5 34. Nxg5 Ne2+ 35. Kf1 Rc1 36. Rxc1 Nxc1 37. Rxa3 Bxa3 38. Ke1 Nd3+ 39. Ke2 Nf4+ 40. Kf3 Ne6 41. Ne4 Be7 42. Ke3 a5 43. f4 a4 44. f5 Nc5 45. Nc3 a3 46. Kd2 Bf6 47. Na2 Na4 48. Kc2 Bb2 49. Kb3 Nc5+ 50. Kc2 Ne4 51. Nb4 Kg7 52. Nd3 Bd4 53. Kb3 Nc5+ 54. Kxa3 Nxd3 55. Kb3 Ne5 56. Kc2 Be3 57. Kd1 Bg5 58. Ke2 Nxg4 59. Kf3 Nh6 60. Ke4 Kf6 61. Kd5 Nxf5 62. Kc4 Ne7 63. Kc5 Ke5 64. Kb6 f5 65. Kc7 f4 66. Kd8 f3 0-1

[Event "Titled Tuesday intern op 13th Dec Late"]
[Site "Chess.com INT"]
[Date "2022.12.13"]
[Round "4"]
[White "Bulgurlu, Okan"]
[Black "Gasparyan, Davit"]
[Result "0-1"]
[WhiteElo "1908"]
[BlackElo "2083"]
[PlyCount "88"]
[EventDate "2022.12.13"]
[EventType "swiss (blitz)"]
[EventRounds "11"]
[EventCountry "USA"]
[SourceTitle "EXT 2024"]
[Source "ChessBase"]
[SourceDate "2023.10.10"]
[SourceVersion "1"]
[SourceVersionDate "2023.10.10"]
[SourceQuality "1"]

1. e4 c5 2. Nc3 Nc6 3. g3 g6 4. Bg2 Bg7 5. Nge2 Nf6 6. 0-0 0-0 7. d3 d6 8. Be3 Ng4 9. Qd2 Nxe3 10. fxe3 Rb8 11. Rae1 Bd7 12. d4 b5 13. Rd1 cxd4 14. exd4 b4 15. Nd5 Bg4 16. c3 bxc3 17. bxc3 e6 18. Ne3 Bxe2 19. Qxe2 Qa5 20. d5 exd5 21. Nxd5 Ne5 22. Rc1 Kh8 23. c4 Qa3 24. Rc2 h5 25. h3 Qxg3 26. Qf2 Qg5 27. Qxa7 Nc6 28. Qc7 Rbc8 29. Qd7 Ne5 30. Qe7 Qxe7 31. Nxe7 Rxc4 32. Rxc4 Nxc4 33. Rc1 Nb2 34. Rc6 Be5 35. Nd5 Ra8 36. Nb4 Ra4 37. Rc8+ Kg7 38. Rb8 Bc3 39. Nd5 Bd4+ 40. Kf1 Rxa2 41. Rb7 Nd3 42. Rb1 Rf2+ 43. Kg1 Rb2+ 44. Kh2 Be5+ 0-1

[Event "Titled Tuesday intern op 13th Dec Late"]
[Site "Chess.com INT"]
[Date "2022.12.13"]
[Round "5"]
[White "Vargas, Mauricio"]
[Black "Bulgurlu, Okan"]
[Result "0-1"]
[WhiteElo "2125"]
[BlackElo "1908"]
[PlyCount "66"]
[EventDate "2022.12.13"]
[EventType "swiss (blitz)"]
[EventRounds "11"]
[EventCountry "USA"]
[SourceTitle "EXT 2024"]
[Source "ChessBase"]
[SourceDate "2023.10.10"]
[SourceVersion "1"]
[SourceVersionDate "2023.10.10"]
[SourceQuality "1"]

1. e4 c5 2. Nc3 Nc6 3. f4 e6 4. Nf3 g6 5. Bb5 Bg7 6. 0-0 Nge7 7. d3 0-0 8. Ne2 Nd4 9. Ba4 a6 10. c3 Nxf3+ 11. Rxf3 b5 12. Bb3 Bb7 13. Rh3 d5 14. e5 f6 15. exf6 Rxf6 16. Qe1 Qb6 17. Kh1 Raf8 18. Qh4 h6 19. Bd2 c4 20. Bc2 e5 21. Rf3 cxd3 22. Bxd3 e4 23. Be3 Qe6 24. Nd4 Qc8 25. Re1 exf3 26. gxf3 Qb8 27. f5 g5 28. Qf2 Bc8 29. h4 Nxf5 30. hxg5 hxg5 31. Nc6 Rh6+ 32. Kg2 Qh2+ 33. Kf1 Ng3+ 0-1